| 000 | 02435ncm0a2200445 4500 | ||
|---|---|---|---|
| 001 | RU\NLR\ONIZ\266248 | ||
| 005 | 20260215045213.0 | ||
| 035 | _a(NLR Aleph) 022722230 | ||
| 071 | 2 | 0 | _aС. 245 Л. |
| 090 |
_a13550406 _c13550406 |
||
| 100 | _a20220609g1900 u y0rusy50 ca | ||
| 101 | 0 |
_arus _afre |
|
| 102 | _aRU | ||
| 125 | _az| | ||
| 128 | _amr | ||
| 145 | 0 | _ab | |
| 200 | 1 |
_aВозвращение с парада _bНоты _eмарш-полька _dEn revenant de la revue _emarche-polka _e[для фортепиано] _zfre _fL. C. Desormes |
|
| 203 |
_aМузыка _bзнаковая _bвизуальная _cнепосредственная |
||
| 210 |
_aС. Петербург _cМузыкальный магазин "Северная лира" _d[190-] |
||
| 215 |
_a5 с. _d31 см |
||
| 225 | 1 | _aИздание "Северной лиры" | |
| 225 | 1 |
_aЛюбимые танцы _h1-ое собрание _v№ 40 |
|
| 300 | _aПросп. сер.: тит. л. | ||
| 313 | _aСистематизация документа проведена по изданию - Методика классифицирования музыкальных произведений (нотных изданий) по таблицам Библиотечно-библиографических классификаций : метод. рекомендации / Гос. б-ка СССР им. В.И. Ленина.- М., 1977. Индексу ББК методических рекомендаций присваивается код ББК для научных библиотек - LBC/SL | ||
| 606 | 1 |
_aФортепианная музыка французская _z19 в. _jНоты _2nlr_sh |
|
| 606 | 1 |
_aМузыкальные произведения для фортепиано _yФранция _z19 в. _jНоты _2nlr_sh |
|
| 606 | 1 |
_aМарши для фортепиано _yФранция _z19 в. _jНоты _2nlr_sh |
|
| 608 |
_aМарш-полька _jНоты _2nlr_sh |
||
| 686 | 0 | _aЩ954.2-058.53(4Фр) | |
| 686 | 0 | _aЩ954.2-058-55(4Фр) | |
| 700 | 1 |
_9z01790 _aДезорм _bЛ. С. _f1840-1898 _gЛуи-Сезар _4230 _7ca |
|
| 790 | 1 |
_9z01700 _aDesormes _bL. C. _f1840-1898 _gLouis-César _4230 _7ba |
|
| 801 | 0 |
_aRU _bNLR _c20220609 _gPSBO |
|
| 801 | 1 |
_aRU _bNLR _c20220609 _2rusmarc |
|
| 801 | 2 |
_aRU _bNLR _c20220609 |
|
| 852 |
_aNLR _gМ _jК-4/5419 _m269933 _t1 |
||
| 942 | _cSCORE | ||
| 980 | _aONIZ | ||
| 980 | _aNB | ||